000 00533nam a22001937a 4500
003 KOHA_MİRAKIL
005 20250926160516.0
008 250926b tu ||||| |||| 00| 0 tur d
020 _a9786053264958
040 _aTR-AnABB
_btur
_cTR-AnABB
041 _atur
082 _a813.42
_bASL 2021
100 1 _aAslaner, İbrahim,
245 1 0 _aKarla karışık /
_cİbrahim Aslaner
260 _aİstanbul :
_bİz Yayıncılık,
_c2021
300 _a238 sayfa ;
_c21 cm
650 0 4 _aTürk edebiyatı, roman
942 _2ddc
_cBK
999 _c8931
_d8931
900 _bGizem YORULMAZ